|
|
|
|
| LEADER |
00000nab a2200000 a 4500 |
| 001 |
vtls009180740 |
| 003 |
SK-MaSNL |
| 005 |
20260305034057.0 |
| 008 |
080205c2008 xo qr| 0 0slo |
| 038 |
|
|
|a RVGKPD
|
| 040 |
|
|
|a RVGKPD
|b slo
|c RVGKPD
|e AACR2
|
| 041 |
|
|
|a slo
|
| 044 |
|
|
|a xo
|c SK
|
| 080 |
|
|
|a 352.9
|2 1997
|
| 100 |
1 |
|
|a Lorko, Ondrej
|4 aut
|9 507501
|
| 245 |
1 |
0 |
|a Uznesenie zo 7. zasadnutia obecného zatupiteľstva, ktoré sa konalo dňa 19.12.2007
|c Ondrej Lorko
|
| 610 |
2 |
7 |
|a Rakovnica (Slovensko).
|b Obecné zastupiteľstvo
|2 rvgkpd
|9 198190
|
| 651 |
|
7 |
|a Rakovnica (Slovensko)
|2 rvgkpd
|9 29093
|
| 651 |
|
7 |
|a Rožňava (Slovensko : okres)
|2 rvgkpd
|9 19215
|
| 773 |
0 |
|
|t Rakovnické obecné noviny
|g Roč. VIII, č. 1 (január 2008), s. 11
|
| 852 |
|
|
|a RVGKPD
|b KIS3G
|
| 992 |
|
|
|a RBX
|
| 999 |
|
|
|c 3327714
|d 3329644
|